000 00816cab a2200253 4500
001 ABS56392
008 090401t1996 xxu||||| |||| 00| 0 eng d
035 _a(Sirsi) u23288
041 _aeng
100 _aPhillips, D.
245 _aChristmas garden party is not much fun for planners
260 _c1996
350 _a0
490 _aPlanning (for the Natural and Built Environment)
_v(1199) 13 December 1996, 10(1)
520 _aDiscusses DoE proposals to lift the burden of planning control for householders wanting to extend their gardens into adjoining land.
650 _aCONSULTATION PAPER
650 _aCURTILAGE PROPOSALS
650 _aGARDENS
650 _aEXTENSIONS
650 _aPERMITTED DEVELOPMENT RIGHTS
690 _aPLANNING LAW AND PRACTICE
942 _n0
948 _c04/03/1997
999 _c15577
_d15577